000 00256nmm a2200085Ia 4500
008 220120s9999||||xx |||||||||||||||||und||
100 _aDigit
245 0 _a30 plus web development tools, full games, digit exclusive a
260 _aNine dot nine interactive ltd.
999 _c139725
_d139725